Statistics for Countries or Capitals Beginning or Ending with H

Click here to take the quiz!

General Stats

  • This quiz has been taken 254 times
    (230 since last reset)
  • The average score is 8 of 11

Answer Stats

Answer% Correct
Haiti
88%
Hungary
84%
Harare
83%
Hanoi
82%
Helsinki
79%
Honduras
79%
Havana
78%
Honiara
77%
Riyadh
58%
Bangladesh
55%
Phnom Penh
35%

Score Distribution

Percentile by Number Answered

Percent of People with Each Score

Your Score History

You have not taken this quiz since the last reset